000 00625nam a2200241Ia 4500
003 OSt
005 20220918174707.0
006 a|||||r|||| 00| 0
007 ta
008 220917b |||||||| |||| 00| 0 eng d
024 _a13,706
037 _cTextual
040 _aARTS
_cARTS
_beng
041 _2eng
_aeng
082 _aNR44wN29, N5
100 _aBhimani Harish
_951415
245 0 _aIn search of Lata Mangeshkar
260 _aNew Delhi
_bIndus
_c1995
300 _a331p.
_ccm.
650 _aMUSIC; ARTS
_92635
942 _hNR44wN29, N5
_cTEXL
_2CC
999 _c154314
_d154314